|
|
|
|
| LEADER |
00000nam0a2200000 4500 |
| 001 |
91288 |
| 005 |
20231031104001.0 |
| 010 |
|
|
|a 5769524634
|
| 035 |
|
|
|a (RuTPU)RU\TPU\book\97873
|
| 090 |
|
|
|a 91288
|
| 100 |
|
|
|a 20060221d2006 m y0rusy50 ca
|
| 101 |
0 |
|
|a rus
|
| 102 |
|
|
|a RU
|
| 105 |
|
|
|a y j 001zy
|
| 200 |
1 |
|
|a Страховое дело
|e учебник
|f В. П. Галаганов
|
| 210 |
|
|
|a Москва
|c Академия
|d 2006
|
| 215 |
|
|
|a 272 с.
|
| 225 |
1 |
|
|a Среднее профессиональное образование
|i Право и социальная работа
|
| 333 |
|
|
|a Исключено из фонда НТБ ТПУ
|
| 700 |
|
1 |
|a Галаганов
|b В. П.
|g Владимир Петрович
|
| 801 |
|
1 |
|a RU
|b 63413507
|c 20060221
|g PSBO
|
| 801 |
|
2 |
|a RU
|b 63413507
|c 20220428
|g PSBO
|
| 942 |
|
|
|c BK
|
| 959 |
|
|
|a 17/20060217
|d 2
|e 162
|f АНЛ:1
|f ЧЗГЛ:1
|
| 959 |
|
|
|a 55/20060614
|d 1
|e 0
|f АНЛ:1
|